000 00418nam a2200169Ia 4500
008 210210b1929 xxu||||| |||| 00| 0 eng d
041 _aeng
082 _a336/88
100 _aFAULKNER (H U)
245 _aAmerican economic history
260 _aNew York
_bHarper & Brothers Publishers.,
_c1929
650 _ahistory
650 _aeconomic
650 _aAmerican
690 _aEconomic History
906 _a004825
999 _c128427
_d128427